Statistics for All Legendary Pokémon

Click here to take the quiz!

General Stats

  • This quiz has been taken 11 times
    (4 since last reset)
  • The average score is 37 of 91

Answer Stats

Legendaries% Correct
Lugia
100%
Mew
100%
Mewtwo
100%
Articuno
75%
Celebi
75%
Dialga
75%
Entei
75%
Giratina
75%
Groudon
75%
Ho-oh
75%
Latias
75%
Latios
75%
Moltres
75%
Palkia
75%
Raikou
75%
Regice
75%
Regigigas
75%
Registeel
75%
Suicune
75%
Zapdos
75%
Arceus
50%
Azelf
50%
Cobalion
50%
Deoxys
50%
Eternatus
50%
Hoopa
50%
Jirachi
50%
Kubfu
50%
Kyogre
50%
Landorus
50%
Lunala
50%
Manaphy
50%
Mespirit
50%
Phione
50%
Rayquaza
50%
Regidrago
50%
Regieleki
50%
Regirock
50%
Reshiram
50%
Terrakion
50%
Thundurus
50%
Tornadus
50%
Urshifu
50%
Uxie
50%
Victini
50%
Virizion
50%
Xerneas
50%
Zacian
50%
Zamazenta
50%
Zekrom
50%
Calyrex
25%
Cosmoem
25%
Cosmog
25%
Cresselia
25%
Darkrai
25%
Enamorus
25%
Genesect
25%
Glastrier
25%
Guzzlord
25%
Heatran
25%
Keldeo
25%
Kyurem
25%
Magearna
25%
Marshadow
25%
Melmetal
25%
Meloetta
25%
Meltan
25%
Shaymin
25%
Silvally
25%
Solgaleo
25%
Spectrier
25%
Type: Null
25%
Volcanion
25%
Yveltal
25%
Zeraora
25%
Zygarde
25%
Blacephalon
0%
Buzzwole
0%
Celesteela
0%
Daincie
0%
Kartana
0%
Naganadel
0%
Nihilego
0%
Pheromosa
0%
Poipole
0%
Stakataka
0%
Tapu Bulu
0%
Tapu Fini
0%
Tapu Koko
0%
Tapu Lele
0%
Xurkitree
0%

Score Distribution

Percentile by Number Answered

Percent of People with Each Score

Your Score History

You have not taken this quiz since the last reset